Normal view
MARC view
- International Conference on Urban Regeneration and Sustainability
Entry Meeting Name
001 - CONTROL NUMBER
- control field: 24167
003 - CONTROL NUMBER IDENTIFIER
- control field: NUST
005 - DATE AND TIME OF LATEST TRANSACTION
- control field: 20191017103254.0
008 - FIXED-LENGTH DATA ELEMENTS
- fixed length control field: 191017|| aca||aabn | a|a d
040 ## - CATALOGING SOURCE
- Original cataloging agency: NUST
- Transcribing agency: NUST
111 ## - HEADING--MEETING NAME
- Meeting name or jurisdiction name as entry element: International Conference on Urban Regeneration and Sustainability
- Number of part/section/meeting: (4th :
- Date of meeting: 2006 :
- Location of meeting: Tallinn, Estonia)
670 ## - SOURCE DATA FOUND
- Source citation: Work cat.: (NUST)0: International Conference on Urban Regeneration and Sustainability (4th : 2006 : Tallinn, Estonia), The sustainable city IV :, c2006.
